000 00804nam a22002177a 4500
005 20100816141711.0
010 _aENG-100697
020 _a9788172086824(v.2)
_c116.00
020 _a9788172086879(set)
_c116.00
035 _aEN-84230
037 _bDBAD/PUB
082 _a230.35
100 _aSathya Sai Baba
_914158
245 _aPrema dhaara-2 :
_cby Sathya Sai Baba
_ba collection of letters / messages from Sathya Sai Baba /
260 _aPrasanthi Nilayam
_bSri Sathya Sai Sadhana Trust
_c2009
270 _aAnantapur District, Andhra Pradesh
_bPrasanthi Nilayam
_e515134
300 _aV.2. 232 p.
_b24cm (Pbk)
700 _914037
942 _2ddc
_cEN
_h230.35
_mSAT
999 _c42217
_d42217